| 000 | 00992nam a2200241 a 4500 | ||
|---|---|---|---|
| 001 | 39566 | ||
| 003 | BD-RjUL | ||
| 005 | 20211209053022.0 | ||
| 008 | 160412s2008 bg ||||| ||b| 00| 0 ben d | ||
| 020 |
_a9847000000583 _c: Tk 100.00 |
||
| 035 | _a(BD-RjUL)39679 | ||
| 040 |
_aBD-RjUL _bben _cBD-RjUL |
||
| 041 | _aben | ||
| 082 |
_223 _bSAC 2008 _a891.4409 |
||
| 100 |
_aসরকার, যতীন. _9120640 |
||
| 245 |
_aচন্দ্রকুমার দে [১৮৮৯-১৯৪৬] / _cযতীন সরকার. |
||
| 260 |
_aঢাকা : _bজাতীয় সাহিত্য প্রকাশ, _c২০০৮. |
||
| 300 |
_a৯৬ পৃ. ; _c২১ সেমি. |
||
| 505 | _aতথ্যসূত্র ও গ্রন্থপঞ্জি সংযুক্ত. | ||
| 650 |
_aবাংলা সাহিত্য _z _9121872 _xইতিহাস ও সমালোচনা |
||
| 650 |
_aBengali Literature _xhistory and criticism _9121873 |
||
| 942 |
_2ddc _cBK |
||
| 999 |
_c39566 _d39566 |
||